000 00410pab a2200157 454500
008 180718b2005 xxu||||| |||| 00| 0 eng d
100 _aPatil, R.H.
245 _aCurrent state of the Indian capital market
260 _c2005
300 _ap.1001-011.
362 _a18 Mar
650 _aFinancial markets - India
650 _aFinancial markets
773 _aEconomic and Political Weekly
909 _a69413
999 _c69413
_d69413